000 00498nam a2200145 a 4500
008 120416s2003 ||||||||||||||||| || u
050 _aIBRD(05)7
100 _aRajan, G. Raghuram
245 1 4 _aThe road to prosperity
246 _asaving capitalism from capitalists
260 _aWashington
_bWorld Bank
_c2003
300 _a44p. : ill.
350 _a0.00
995 _D0.00
_FCBU-MAIN LIBRARY (Kitwe)
_H1
_I0.00
_UAVAILABLE
_ZInternational Publications
999 _c56617
_d56617